THe Richest Man In Babylon/ (Record no. 189532)
[ view plain ]
| 000 -LEADER | |
|---|---|
| fixed length control field | 00650nam a22001937a 4500 |
| 005 - DATE AND TIME OF LATEST TRANSACTION | |
| control field | 20220816110542.0 |
| 010 ## - LCCN (DPL NO) | |
| LC control number | B-745306 |
| 020 ## - INTERNATIONAL STANDARD BOOK NUMBER | |
| International Standard Book Number | 9788194735939 |
| Terms of availability | 150.00 |
| 035 ## - SYSTEM CONTROL NUMBER | |
| System control number | B-745306 |
| 037 ## - SOURCE OF ACQUISITION | |
| Source of stock number/acquisition | Empty Canvas Publishers |
| 100 ## - MAIN ENTRY--PERSONAL NAME | |
| Personal name | Clason, George S. |
| 245 ## - TITLE STATEMENT | |
| Title | THe Richest Man In Babylon/ |
| Statement of responsibility, etc | George S. Clason |
| 250 ## - EDITION STATEMENT | |
| Edition statement | 2nd |
| 260 ## - PUBLICATION, DISTRIBUTION, ETC. (IMPRINT) | |
| Place of publication, distribution, etc | New Delhi |
| Name of publisher, distributor, etc | Empty Canvas Publishers |
| Date of publication, distribution, etc | 2021 |
| 270 ## - ADDRESS | |
| Address | 4435-36/7 , First Floor Ansari Road , Daryaganj |
| City | New Delhi |
| Postal code | 110002 |
| Electronic mail address | emptycanvaspublishers.com |
| 300 ## - PHYSICAL DESCRIPTION | |
| Extent | 192p. |
| Dimensions | 22cm(Pbk) |
| 942 ## - ADDED ENTRY ELEMENTS (KOHA) | |
| Source of classification or shelving scheme | Dewey Decimal Classification |
| Item type | English Books |
| Call number suffix | CLA |
| Classification part | S |
| Withdrawn status | Lost status | Not for loan | Collection code | Home library | Current library | Date acquired | Source of acquisition | Cost, normal purchase price | Full call number | Barcode | Copy number | Cost, replacement price | Koha item type | Public note |
|---|---|---|---|---|---|---|---|---|---|---|---|---|---|---|
| Fiction | Kadipur | Kadipur | 16/08/2022 | 16.8.2022/ Gift | 150.00 | S CLA | B-745306 | 1 | 150.00 | English Books | Gift |
